000 00604nam a2200217 4500
005 20260404100850.0
008 260404b |||||||| |||| 00| 0 eng d
020 _a978-81-225-0732-4
041 _aEnglish
082 _248th 2014/RP 2025
_aSO 301 BHU B13103
100 _aBhushan, Vidya
_9217578
245 _aAn Introducation to Sociology
250 _a48th ed 2014/RP 2025
260 _aNew Delhi
_bKitab Mahal Publishers
_c2025
300 _axii; 552p
_bpb
365 _aRupaye
_b520
_cINR
500 _aSociology
650 _aSociology
_9217579
651 _aSociology
_9217580
942 _cBB
999 _c370860
_d370860